Statistics for Words that End in "-isk"

Click here to take the quiz!

General Stats

  • This quiz has been taken 97 times
  • The average score is 5 of 8

Answer Stats

Answer% Correct
Risk
87%
Brisk
79%
Whisk
78%
Disk
73%
Frisk
71%
Asterisk
39%
Obelisk
17%
Basilisk
12%

Score Distribution

Percentile by Number Answered

Percent of People with Each Score

Your Score History

You have not taken this quiz